Génériques célèbres - Statistiques

Statistiques générales
  • Ce quiz a été pris 252 fois
  • Le résultat moyen est 9 sur 50
Statistiques - réponses
Année Paroles Emission % Correct
1957 Un cavalier, qui surgit hors de la nuit Court vert l'aventure au galop Son nom, il le signe à la pointe de l'épée... D'un Z qui veut dire * Zorro
94%
1997 Un jour je serai le meilleur dresseur Je me battrai sans répit Je ferai tout pour être vainqueur Et gagner les défis Pokemon
62%
1982 Enfant du Soleil, Tu parcours la Terre, le Ciel, Cherches ton chemin, C'est ta vie, c'est ton destin. Les Mystérieuses cités d'or
50%
1983 Eh la qui va là * * Eh la ça va pas Ouh ouh Oh la je suis là * * Inspecteur gadget
47%
1976 Au pays de * comme dans tous les pays On s'amuse on pleure on rit Il y a des méchants et des gentils Candy
46%
1978 * * tu n'es pas De notre galaxie Mais du fond de la nuit Capitaine Flam
45%
1977 Je suis sans famille Je suis sans famille Je m'appelle * Je m'appelle * Et je me balade Et je me balade Avec tous mes amis Avec tous mes amis Rémi sans famille
43%
1978 L'Araignée, l'Araignée Lui le plus fort, le justicier Il se bat et il gagne Car le mal, son rival Toujours, étouffe dans sa toile Spiderman
42%
1971 C'est le plus grand des voleurs, Oui, mais c'est un gentleman. Il s'empare de vos valeurs Sans vous menacer d'une arme. Arsène Lupin
33%
1981 *, ton univers impitoyable *, glorifie la loi du plus fort *, et sous ton soleil implacable *, tu ne redoutes que la mort Dallas
33%
1988 * * * * C'est mon ami et bien plus encore * * * * Vient d'un monde jamais vu encore Denver le dernier dinosaure
28%
1982 Rond comme un ballon Et plus jaune qu'un citron C'est lui * *, * * Pac man
27%
1983 * * * *, c'est vraiment La dernière chance au dernier moment Les mauvais coups, des truands L'agence les règle au comptant L'agence tous risques
23%
1991 * *, échangés sur une plage en été Premier amour, un beau jour qui vient nous emporter Ca ne s'oublie pas quand c'est la première fois Premiers baisers
23%
1979 Jonathan et Jennifer Les justiciers milliardaires **** C'est vraiment leur grande affaire L'amour du risque
20%
1983 Y a bien trente-six sortes de chats Des petits, des gros, des angoras Chats de gouttiere et chats Siamois Y'a qu'une tele, c'est * Téléchat
19%
1957 C'est moi qui suis * L'ours qui chante en fa en sol En do diese en mi bemol En gilet et en faux-col Colargol
18%
1974 Sunday, Monday, * * Tuesday, Wednesday, * * Thursday, Friday, * *. Happy days
17%
1979 *, * * Elle est habillée comme un garçon *, * * On parle d'elle dans toutes les chansons *, * * Tu vivais sous la Révolution *, * * Personne n'oubliera jamais ton nom Lady Oscar
16%
1983 Au pays des Elans Des bisons, des mustangs Nombreux sont tes amis Comme les brins d'herbe * Yakari
16%
1987 *, * et *, Des mots qui font rêver, Les terres qui font tourner, Oublie l'éternité. Amour, gloire et beauté
14%
1955 Y'avait un homme qui s'appelait * Il était né dans le Tennessee Si courageux que quand il était p'tit Il tua un ours du premier coup d'fusil * * *, l'homme qui n'a jamais peur Davy Crockett
14%
1977 Love Exciting and new Come aboard, We're expecting you La croisière s'amuse
14%
1975 * & * * & * Des nouveaux chevaliers au grand coeur Mais qui n'ont jamais peur de rien Starsky & Hutch
14%
1982 Les exploits d'un chevalier solitaire dans un monde dangereux. Le chevalier et sa monture. Un héros des temps modernes. Dernier recours des innocents, Des sans-espoir, victimes d'un monde cruel et impitoyable. K 2000
13%
1996 * * *, Bleu marine et blue Ebloui pareil Jusqu'à en oublier tout Fermer les yeux C'est le même bleu Dans le cœur, ou * * * Sous le soleil
13%
1975 Elle ne craint rien ni personne Elle fonce comme un homme C'est la justicière interplanétaire Elle jaillit comme un éclair Wonder woman
12%
1969 A tous les enfants Qui sont obéissants Nous allons dire au revoir en passant Au revoir les amis Nous rentrons au pays Au pays d'* et * Aglaé & Sidonie
10%
1985 Puissance et gloire Dans l'eau trouble d'un regard L'aventure et la passion Autour de * Châteauvallon
10%
1985 Elle voit souvent rouge Avec elle ça bouge * soleil, ou bien * larme On est sous le charme Maguy
10%
1978 Personne dans le monde Ne marche du même pas Et même si la Terre est ronde On ne se rencontre pas Arnold & Willy
9%
1981 Je n'suis pas le genre de mec qui aime la bagarre Faut pas m'pousser trop loin tu vois, et faut pas me chercher Même si je suis cascadeur, j'ai quand même l'amour dans l'cœur Je préfère jouer au tombeur que jouer au catcheur L'homme qui tombe à pic
9%
1965 Je connais les brumes claires La neige rose des matins d'hiver Je pourrais te retrouver Le lièvre blanc qu'on ne voit jamais Mais l'oiseau, l'oiseau s'est envolé Et moi jamais je ne le trouverais Belle et Sébastien
6%
1981 *, *, Au milieu de la galaxie, Comme le feu, il traverse le temps. Ulysse 31
6%
1985 J'ai reçu * * * * Un matin au pays des cigales L'amour en héritage
5%
1974 Incognito, Vos flics maintenant sont dev’nus des cerveaux Ni grands, ni gros, Ils ont laissé leurs vélos, leurs chevaux, Les brigades du Tigre
5%
1967 Les * * * Dans un bruit de tonnerre A deux pas du soleil Vont chercher la lumière Les Chevaliers du ciel
5%
1963 Ami le temps n'est plus aux chansons Il faut partir, laisser ta maison Et tout quitter, jusqu'à son nom Compagnon ! Compagnon ! Thierry la Fronde
5%
1981 *, *, Au milieu de la galaxie, Comme le feu, il traverse le temps. *, *, Tu t'envoles au creux de la nuit, Tu es roi, au milieu des géants. Ulysse 31
5%
1969 On l'appelle * * * Dans son royaume aquatique On se raconte sans fin Ses exploits fantastiques Oum le dauphin
4%
2004 On s'éveille, au rayon, du soleil On espère, on se croise, on se perd On est différents, c'est pas important On est un seul sang Il suffit seulement, d'aimer... Plus belle la vie
4%
1978 * * C'est un message, c'est un message * * C'est un voyage, c'est un voyage Sankukaï
4%
1964 Approchez, tous les amis Les grands et les petits Regardez bien ! Le coeur fier et l'oeil malin Voici venir au loin Votre ami * Saturnin
4%
1981 Quand ça déraille Que l'coeur se casse Que j'me noie dans ma * * Quand mon ange gardien boit la tasse Quand j'ai plus envie d'être une fée Quand tous les cas sont des casses-tête Pause café
2%
1983 Bonjour à vous Venez avec nous On a rendez-vous ensemble ici, chez * Dans la maison De * * * On entend tout le temps des chansons Winnie l'Ourson
2%
1989 i'll be ready i'll be ready never you fear no don't you fear i'll be ready forever and always i'm always here Alerte à Malibu
1%
1992 L'amour s'en est allé des * * Pourtant tout avait si bien commencé L'amour imaginé pour nous rendre heureux Quand il est aux mains des amoureux Devient alors un jeu dangereux La vie c'est l'enfer pour les * * Les Coeurs brûlés
1%
1971 Dans la prison dorée de mon coeur habitée par ton ombre Tu brûles en moi comme une lueur qui me délivrera. Quentin Durward
1%
1984 J'ai encore sur ma peau, la douceur de tes mains Qui se posaient sur moi Je revois le matin, ton corps contre le mien Santa Barbara
1%
1984 Sur cette terre il faisait bon vieillir De père en fils on savait s'y tenir En travaillant de tout son coeur On récoltait quelquefois le bonheur Et puis la vie nous tenait là Du bord des champs, aux bords du bois Avec l'amour au rendez-vous On était bien chez nous C'était le temps, souvenez-vous, Le temps * * * *. Des grives aux loups
0%
Aucun quiz correspondant
Distribution des résultats
% des personnes avec chaque résultat
Percentile par nombre de réponses
Votre historique - résultats
Vous n’avez pas pris ce quiz